| 000 | 00815cam a22002891 4500 | ||
|---|---|---|---|
| 001 | 751518 | ||
| 003 | OSt | ||
| 005 | 20140311162956.0 | ||
| 008 | 711124s1964 nyub b 000 0 eng | ||
| 010 | _a 64014965 | ||
| 040 |
_aDLC _cDLC _dDLC |
||
| 043 | _aae----- | ||
| 050 | 0 | 0 |
_aDS 511 _b.L359 1967 |
| 082 | 0 | 0 |
_aM 950 _bL35 1965 |
| 100 | 1 |
_aLatourette, Kenneth Scott, _d1884-1968. _930749 |
|
| 245 | 1 | 2 |
_aA short history of the Far East _cLatourette, Kenneth Scott |
| 250 | _a4th ed. | ||
| 260 |
_aNew York : _bMacmillan Company, _cc1965. |
||
| 300 |
_aviii, 776 p. _c23 cm. |
||
| 504 | _aIncludes bibliographies. | ||
| 526 | _c120L-1700L | ||
| 541 | _j1 | ||
| 562 | _e1 | ||
| 651 | 0 |
_aEast Asia _xHistory. _930750 |
|
| 906 |
_a7 _bcbc _corignew _du _eocip _f19 _gy-gencatlg |
||
| 942 |
_2lcc _cBK _kM |
||
| 999 |
_c39056 _d39056 |
||